हिंदी साहित्य की भ्रांतियां और उनका निराकरण / (Record no. 118806)

MARC details
000 -LEADER
fixed length control field 01190nam a22002537a 4500
005 - DATE AND TIME OF LATEST TRANSACTION
control field 20170124103121.0
010 ## - LIBRARY OF CONGRESS CONTROL NUMBER
LC control number A-615834
020 ## - INTERNATIONAL STANDARD BOOK NUMBER
Terms of availability 170.00
035 ## - SYSTEM CONTROL NUMBER
System control number A-615834
037 ## - SOURCE OF ACQUISITION
Source of stock number/acquisition Cen Lib/Ret
040 ## - CATALOGING SOURCE
Original cataloging agency DPL
Language of cataloging HN
082 ## - DEWEY DECIMAL CLASSIFICATION NUMBER
Classification number 820
Item number गर्गवे
100 ## - MAIN ENTRY--PERSONAL NAME
Personal name गर्ग, वैप्रकाश
9 (RLIN) 81988
245 ## - TITLE STATEMENT
Title हिंदी साहित्य की भ्रांतियां और उनका निराकरण /
Statement of responsibility, etc वैप्रकाश गर्ग
246 ## - VARYING FORM OF TITLE
Title proper/short title Hindi sahitay ki bhrantiyan aur unka nirakaran
Remainder of title by Vaidprakash Garg
260 ## - PUBLICATION, DISTRIBUTION, ETC. (IMPRINT)
Place of publication, distribution, etc मुजफ्फरनगर
Name of publisher, distributor, etc कुसुम प्रकाशन
Date of publication, distribution, etc 1993
270 ## - ADDRESS
Address नवेंदु सदन आदर्श कॉलोनी
City मुजफ्फरनगर
300 ## - PHYSICAL DESCRIPTION
Extent xx,264पृष्ठ. :
Dimensions 20सेमी(सजिल्द)
Other physical details चित्र.
650 ## - SUBJECT ADDED ENTRY--TOPICAL TERM
Topical term or geographic name as entry element हिंदी साहित्य
9 (RLIN) 81989
650 ## - SUBJECT ADDED ENTRY--TOPICAL TERM
Topical term or geographic name as entry element हिंदी साहित्य की भ्रांतियां
9 (RLIN) 81990
650 ## - SUBJECT ADDED ENTRY--TOPICAL TERM
Topical term or geographic name as entry element Hindi literature
9 (RLIN) 81991
650 ## - SUBJECT ADDED ENTRY--TOPICAL TERM
Topical term or geographic name as entry element misconceptions
9 (RLIN) 81992
942 ## - ADDED ENTRY ELEMENTS (KOHA)
Source of classification or shelving scheme Dewey Decimal Classification
Koha item type Hindi Books
Classification part 820
Call number suffix गर्गवे
Holdings
Withdrawn status Lost status Damaged status Not for loan Home library Current library Date acquired Source of acquisition Cost, normal purchase price Total Checkouts Full call number Barcode Date last seen Date checked out Copy number Cost, replacement price Price effective from Koha item type
        Central Library Central Library 14/09/2015 Cen Lib/Ret 170.00 1 820 गर्गवे A-615834 23/08/2017 04/08/2017 1 170.00 14/09/2015 Hindi Books

© Delhi Public Library
Hit Counter
free hit counter